Top 50 best white girl music songs - Statistics

General Stats
  • This quiz has been taken 651 times
    645 since last reset
  • The average score is 16 of 50
Answer Stats
Ranking Artist Answer % Correct
3 Carly Rae Jespin Call me Maybe
79%
15 Kesha TiK ToK
73%
36 Katy Perry Firework
67%
5 Lady Gaga Poker Face
65%
44 Katy Perry Roar
64%
9 Katy Perry Last Friday Night
61%
2 Miley Cyrus Party in the USA
61%
22 Rihanna Umbrella
61%
12 Britney Spears Toxic
58%
49 Miley Cyrus Wrecking Ball
53%
7 Katy Perry California Gurls
51%
25 Shakira Hips Don't Lie
49%
11 Lady Gaga Bad Romance
47%
45 Rihanna Diamonds
47%
18 Katy Perry I kissed a Girl
45%
1 Katy Perry Teenage Dream
45%
33 Katy Perry Dark Horse
44%
14 Katy Perry Hot n Cold
43%
32 Sia Chandelier
40%
13 Jessie J Domino
34%
17 Lady Gaga Just Dance
32%
10 Rihanna S&M
32%
23 Britney Spears ...Baby one more time
30%
16 Rihanna We found love
28%
20 Jessie J Bang Bang
27%
29 Rihanna Don't stop the Music
27%
50 Dua Lipa Levitating
27%
40 Shakira Waka Waka
26%
6 Kesha Die Young
25%
31 Jennifer Lopez On The Floor
25%
39 Jessie J Price Tag
23%
30 Lady Gaga Paparazzi
22%
4 Rihanna Only girl in the world
20%
21 Sia Cheap Thrills
19%
24 P!nk So What?
19%
35 Lady Gaga Telephone
18%
27 Gwen Stefani Hollaback Girl
15%
8 Britney Spears Gimme More
14%
46 Britney Spears Womanizer
14%
42 Dua Lipa Don't Start Now
12%
37 Rihanna SOS
12%
34 P!nk Raise Your Glass
7%
47 Ariana Grande Into You
6%
43 P!nk What About Us
6%
48 Zedd Clarity
5%
41 Rihanna This is what you came for
5%
19 Britney Spears Opps!... I did it again
4%
26 Kesha Your love is my drug
4%
28 Kesha Blah Blah Blah
3%
38 Lady Gaga The Edge of Glory
3%
No matching quizzes found
Score Distribution
Percent of People with Each Score
Percentile by Number Answered
Your Score History
You have not taken this quiz since the last reset